Reclaiming Chinese society [ the new social activism
Analyses the mechanisms, processes and actors producing a wide spectrum of social and cultural changes in reform China. Contrary to most literature that emphasize economic and political processes at the expense of Chinese society, the book argues for the centrality of the social in understanding Chi...
| Main Authors: | , |
|---|---|
| Format: | Book |
| Language: | English |
| Published: |
London ; New York :
Routledge ,
2010
|
| Series: | Asia's transformations
|
| Subjects: | |
| Online Access: | MyiLibrary NetLibrary MyiLibrary Click here to view book |
MARC
| LEADER | 00000cam a2200000 7i4500 | ||
|---|---|---|---|
| 001 | 0000071413 | ||
| 005 | 20110410093000.0 | ||
| 008 | 110321s2010 enk eng | ||
| 020 | |a 0203872177 (electronic bk.) | ||
| 020 | |a 9780203872178 (electronic bk.) | ||
| 090 | 0 | 0 | |a HM671 |b .R428 2010 |
| 245 | 0 | 0 | |a Reclaiming Chinese society [ |h electronic resource] : |b the new social activism |c edited by You-tien Hsing and Ching Kwan Lee |
| 260 | |a London ; |a New York : |b Routledge , |c 2010 | ||
| 300 | |a 1 online resource (xii, 254 p.) | ||
| 490 | 1 | |a Asia's transformations | |
| 500 | |a Description based on print version record | ||
| 504 | |a Includes bibliographical references and index | ||
| 520 | |a Analyses the mechanisms, processes and actors producing a wide spectrum of social and cultural changes in reform China. Contrary to most literature that emphasize economic and political processes at the expense of Chinese society, the book argues for the centrality of the social in understanding Chinese development. | ||
| 650 | 0 | |a Income distribution |z China | |
| 650 | 0 | |a Social justice |z China | |
| 651 | 0 | |a China |x Economic conditions |y 2000- | |
| 651 | 0 | |a China |x Social conditions |y 2000- | |
| 700 | 1 | |a Hsing, You-tien , |e author | |
| 700 | 1 | |a Lee, Ching Kwan , |e author | |
| 856 | 4 | 0 | |3 MyiLibrary |u http://www.myilibrary.com?id=231593 |
| 856 | 4 | 0 | |3 NetLibrary |u http://www.netlibrary.com/urlapi.asp?action=summary&v=1&bookid=295361 |
| 856 | 4 | 0 | |u http://proxy.library.carleton.ca/login?url=http://www.myilibrary.com?id=231593 |z MyiLibrary |
| 856 | 4 | 0 | |z Click here to view book |u http://public.eblib.com/EBLPublic/PublicView.do?ptiID=455489 |
| 999 | |a 1000137796 |b Electronic Book |c Electronic Resource |e Gong Badak Campus | ||